000 00518nam a2200169 i 4500
001 63299
003 ES-MaACL
005 20250719063309.0
007 t|
008 031209s1948 sp ||||1| spa d
100 1 _aFernández Truyols, Andrés
_950124
245 1 0 _aVida de Nuestro Señor Jesucristo /
_cpor Andrés Fernández Truyols.
260 _aMadrid :
_b[La Editorial Católica,
_c1948]
300 _aLV, 611 p. :
_bil. ;
_c20 cm.
852 _aES-MaACL
_jD-5488
_bR.30977
999 _c63299
_d63299